Quizzes
Events
Quiz Creation
Community
Videos
Private Events
Remove Ads
Sign In
Join for FREE
Feedback
Dark Mode
Quiz Categories
Sports
Geography
Music
Movies
Television
Just For Fun
Miscellaneous
History
Literature
Language
Science
Gaming
Entertainment
Religion
Holiday
For Kids
Quiz Lab
Recent
Popular Today
Quiz Kudos Today
Editor Picks
Curator Picks
Quizzes by...
Day
Popularity
Type
Ratings
Length
Year
Community
Subscriptions
Recent Discussions
Orange Saloon
Badges
Playlists
Quests
Create
Leaderboards
Showdown
Live 5
Trivia Bingo
Activity
Puzzle Library
Sporcle Events
Private Events
Virtual Trivia
Globe League
Become a Host
Pub Owners
SporcleCon
Opinionation
Our Games
Videos
Blog
Mobile Apps
Partnerships
Remove Ads and Go Orange
Feedback
Television
TV Characters
TV Show
Sitcom
Network
Friends
Reality Shows
Cast
South Park
Star Trek
The Simpsons
Doctor Who
Television
TV Characters
TV Show
Sitcom
Network
Friends
Reality Shows
Cast
South Park
Star Trek
The Simpsons
Doctor Who
Random Quiz
Search Sporcle
×
Quiz Lab
Quiz Lab
Television
Dance Moms
Type in answers that appear in a list
Type in answers that appear in a list
Classic
Best Score? Go Orange.
Dance Moms Trivia Stats
Can you name the Dance Moms Trivia?
By
chaitea415
10m
25 Questions
1,187 Plays
1,187 Plays
1,187 Plays
Comments
Comments
Give Quiz Kudos
Give Quiz Kudos
-
- Ratings
hide this ad
Random Order
Randomize order of answers
Randomize order of answers
Replay
Link that replays current quiz
Next Quiz
Link to next quiz in quiz playlist
You Got
0%
They Got
Avg Score
39%
Avg Friend Score
Upgrade to see
Score Distribution
Jump to the score distribution portion of the page
Score
0/25
Timer
10:00
0
Plays Today
Hints
Answers
% Correct
Which one of the moms has never cursed on camera?
Holly
62.4%
What is the name of Abby's dog?
Broadway Baby
59.8%
Who is Brooke and Paige's brother?
Josh
58.1%
Team Maddie or Team Chloe? (There's only one right answer...)
Team Chloe
56.7%
Who does Mackenzie say she wants to marry?
Justin Bieber
52.1%
What two moms are BFFLs?
Christi and Kelly
51.8%
Which two Dance Moms secretly filmed Maddie during her extra practice time?
Jill and Christi
50.9%
What was the color of Maddie and Chloe's costumes when they did the same solo?
yellow
50.5%
What dancer said she was better than everyone else and got kicked off the team for it?
Peyton
47.6%
Which ALDC dancer aspires to join Cirque du Soleil?
Brooke
47.3%
What does Cathy's husband sell?
Beef Jerky
46.3%
How many turns can Sophia Lucia do?
54
41.4%
What is the name of Brooke's music single?
Summer Love Song
40.9%
Hints
Answers
% Correct
Where is Candy Apples Dance Studio?
Canton, Ohio
40.9%
What is Melissa's new last name?
Gisoni
37.5%
Who does Abby refer to as 'Roadkill' on her ultimate dance competition
Hadley
35.7%
What is the name of Cathy's current choreographer?
Anthony
34.4%
What three girls do a trio together most often?
Chloe, Maddie, and Paige
33.7%
When is Chloe's birthday?
May 25
29.8%
What did Kelly get for her 40th birthday?
botox
28.5%
What is the name of Nia's first ethnic dance on the show?
They Call Me Laquifa
19.9%
What did Christi think Black Patsy (Kaya) was going to pull out?
Her weave
17.2%
What did Abby yell at Asia for after one of her solos?
Lip Synching
15.1%
What did the dance moms say Jill's blue sweater was made out of?
cookie monster
13.6%
What did the Dance Moms think Abby looked like in her tracksuit?
Shamu
11%
Quiz Playlist
Details
Report
Send in Message
Add To Playlist
Classic:
Type in answers that appear in a list
Random Order:
Randomize order of answers
Last Updated: Feb 16, 2017
Quiz Scoreboard
CHALLENGE
Sign Up to Join the Scoreboard
Show All
Scores
Hide
Comments
May contain spoilers
Recently Published
Billboard Blitz: Fleetwood Mac
by CooCooCachoo
Music
15s
Presidents Visiting Landmarks
by Hejman
History
7m
An Introduction to Baseball
by treessimontrees
Sports
5m
More to Explore
Quiz From the Vault
Featured Blog Post
Where Did the Easter Bunny Come From?
hide this ad
You Might Also Like...
Tags
dance
Dance Moms
mom
Today's Top Quizzes in Television
Browse Television
hide this ad
Top Contributed Quizzes in Television
1
5-to-1: The Simpsons Families
2
5-to-1: Television Doctors
3
7-to-1: TV Show Settings
4
One Piece Logic Puzzle
5
5-to-1: Streaming Originals
6
Survivor Seasons
7
Survivor Logic Puzzle: Heroes vs. Villains
8
TV Shows by First Names
9
Survivor Season by Logo
10
Survivor Trivia
Explore More
Trending Topics
Disney
Kpop
Anime
NBA
Marvel
Harry Potter
Crossword
Puzzle
Pokémon
Song
NFL
Soccer
Country
WWE
The Office
hide this ad
More By:
chaitea415
Quiz
Plays
Rating
Category
Featured
Created
lab rats characters
4,056
3.00
Entertainment
Feb 23, 2013
Dance Moms Trivia
1,187
Television
Jul 7, 2013
My babysitter's a Vampire Characters
172
Entertainment
Feb 23, 2013
Go to Creator's Profile
Score Distribution
Quiz Creator Spotlight
chaitea415
Follow
Send a Message
Quizzes Created
-
Created Quiz Play Count
-
More By This Creator
Popular Quizzes Today
1
Find the US States - No Outlines Minefield
2
Find the Countries of Europe - No Outlines Minefield
3
The Countries of the World
4
Find the US States
5
US States
6
Popular People in 1961
7
Risky Map Clicking: Biggest States A-Z
8
Movies - When Are They Set?
More Television Quizzes
TV Shows Cut Off at 'A'
Published
Trending Quizzes
Risky Map Clicking: Least Populous States A-Z
1-10 Letter G Words
1-10 Letter F Words
Risky Map Clicking: Next State Alphabetically
Risky Map Clicking: Biggest States A-Z
Recently Updated
Leaping Animals
pecheneg
Reality TV Shows (A-Z)
bhenderson79
Rickey Henderson's Hall of Fame Teammates
pecheneg
Champions League XIs: Arsenal
pecheneg
Quick Pick: Celebrities in WWE's Hall of Fame
aduchscher
A-Z Keypad Blitz II
pecheneg
Multiple Oscar Actors
pecheneg
Mystery Phrase Blitz: Oscar 'Best Actors'
pecheneg
F. Scott Fitzgerald Novels
LTH
Pick 3 Villains
ddd62291
Trending Topics
Harry Potter
Crossword
Disney
NBA
Anime
Marvel
Kpop
Country
Song
The Office
Soccer
NFL
WWE
Puzzle
Pokémon
Your Account Isn't Verified!
In order to create a playlist on Sporcle, you need to verify the email address you used during registration. Go to your
Sporcle Settings
to finish the process.
Report this User
Report this user for behavior that violates our
Community Guidelines
.
Details:
Send Report
Go to the Sporcle.com Mobile Site →
Comments